| 000 | 04464cam a2200361 i 4500 | ||
|---|---|---|---|
| 001 | 22225573 | ||
| 005 | 20260129050243.0 | ||
| 008 | 210908s2022 enk b 001 0 eng | ||
| 010 | _a 2021946726 | ||
| 020 |
_a9780198942078 _q(hardback) |
||
| 035 | _a22225573 | ||
| 040 |
_aDLC _beng _erda _cDLC |
||
| 042 | _apcc | ||
| 082 | _a343.087 PET | ||
| 100 | 1 |
_aPetersmann, Ernst-Ulrich, _eauthor. |
|
| 245 | 1 | 0 |
_aTransforming world trade and investment law for sustainable development / _cErnst-Ulrich Petersmann. |
| 250 |
_aReprinted, _bSouth Asia Edition. |
||
| 264 | 1 |
_aOxford, United Kingdom ; _bOxford University Press, _c2024. |
|
| 300 |
_axv, 348 pages ; _c25 cm |
||
| 336 |
_atext _btxt _2rdacontent |
||
| 365 | _bRs. 4500.00 | ||
| 504 | _aIncludes bibliographical references (pages 331-333) and index. | ||
| 505 | _aIntroduction: Preventing trade, investment, energy and climate conflicts through rule of law? - 1: Overview: Sustainable Development without Democratic Governance Protecting Human Rights - 2: Governance Failures: UN Law and WTO Law Fail to Protect Sustainable Development - 3: Constitutional Failures: Neo-Liberal and State-Capitalist Trade Wars Undermine Sustainable Development - 4: Constitutional Economics for Multilevel Economic Regulation - 5: European Economic Constitutionalism: Constitutional Approaches to Sustainable Development - 6: Protecting Rule of Law and Human Rights in the World Trading System - 7: Rule of Law and Human Rights in Investment Arbitration: Need for Judicial Reforms - 8: Judicial Overreach: Constitutional Justice Requires Multilevel Judicial Comity - 9: Conclusion: Multilevel governance of sustainable development requires multilevel twenty-first century constitutionalism – Selected bibliography – Index. | ||
| 520 | _aTransforming World Trade and Investment Law for Sustainable Development explains why the 2030 UN Sustainable Development Agenda for 'Transforming our World'-aimed at realizing 'the human rights of all' and seventeen agreed Sustainable Development Goals (SDGs)-requires transforming the United Nations (UN) and World Trade Organization (WTO) legal systems, as well as international investment law and adjudication. UN and WTO law protect regulatory competition between diverse neo-liberal, state capitalist, European ordo-liberal, and third-world conceptions of multilevel trade and investment regulation. However, geopolitical rivalries and trade wars increasingly undermine transnational rule of law and effective regulation of market failures, governance failures, and constitutional failures. For example, the intergovernmental negotiations in the context of the 1992 UN Framework Convention on Climate Change have failed to prevent or considerably limit climate change. In order to prevent trade, investment, energy, and climate conflicts, sustainable development requires reforming trade, investment, and environmental rules and dispute settlement systems. The global health pandemics confirm the need for constitutional reforms of multilevel governance of global public goods. Investment law and adjudication must better reconcile governmental duties to protect human rights and decarbonize economies with the property rights of foreign investors. The constitutional, human rights, and environmental litigation in Europe enhances the legal accountability of democratic governments for protecting sustainable development, but European economic constitutionalism has been rejected by Anglo-Saxon neo-liberalism, China's authoritarian state capitalism, and many third-world governments. The more that regional economic orders (like the China-led Belt and Road networks) reveal heterogeneity and power politics block UN and WTO reforms, the more the US-led neo-liberal world order risks disintegrating. UN and WTO law must promote private-public network governance, civil society participation, and stronger judicial accountability in order to stabilize and depoliticize multilevel governance of the SDGs. | ||
| 610 | 2 | 0 | _aSustainable Development Goals. |
| 650 | 0 | _aForeign trade regulation. | |
| 650 | 0 | _aInternational law and human rights. | |
| 650 | 0 |
_aInvestments, Foreign _xLaw and legislation. |
|
| 650 | 0 |
_aSustainable development _xLaw and legislation. |
|
| 906 |
_a7 _bcbc _corignew _d2 _eepcn _f20 _gy-gencatlg |
||
| 942 |
_2ddc _cBK |
||
| 999 |
_c214224 _d214224 |
||